Buddhism 8 Fold Path Quiz Stats

 Plays Quiz Updated Feb 28, 2020

Support Sporcle.
Go Orange.
Score 0/8 Timer 03:00
0 Plays Today
% Correct
Right Aspiration
68.8%
Right Action
66.4%
Right Speech
64.4%
Right Concentration
62.5%
Right View
52.5%
Right Mindfulness
44.5%
Right Livelihood
41.1%
Right Effort
38.2%

From the Vault

The Venezuela Quiz

by GeoKing

Does passing this quiz count as having visited before?
Remove Ads.
Support Sporcle.
Get the best of Sporcle when you Go Orange. This ad-free experience offers more features, more stats, and more fun while also helping to support Sporcle. Thank you for becoming a member.

Show Comments

Extras

Top Quizzes Today


Score Distribution

Your Account Isn't Verified!

In order to create a playlist on Sporcle, you need to verify the email address you used during registration. Go to your Sporcle Settings to finish the process.

Report this User

Report this user for behavior that violates our Community Guidelines.

Details: